How I Met Your Mother Charaktere - Sudden Death - Statistiken

Allgemein
  • Dieses Quiz wurde 143 mal gespielt
  • Das Durchschnittsergebnis liegt bei 15 aus 23
Answers on the Grid
Answers color-coded by a green-red scale on the quiz's grid according to % correct below.
Tracy McConnell
Ted Mosby
Stella Zinman
Quinn Garvey
Victoria
Sandy Rivers
“Blah Blah“
Zoey Pierson
Billy Zabka
Ranjit
Mickey Aldrin
Robin Scherbatsky
Barney Stinson
Marshall Erikson
Nora
Punchy
Arthur Hobbs
Carl MacLaren
James Stinson
Patrice
„Scooter“
Nate „Scooby“ Scooberman
Don Frank
Doug Heffernan
Deacon Palmer
Arthut Spooner
Chandler Bing
Ross Geller
Phoebe Buffay
Phil Dunphy
Mitchell Pritchett
Dylan Marshall
Charlie Harper
 
Antwortstatistiken
Antwort % Korrekt
Barney Stinson
92%
Robin Scherbatsky
89%
Ted Mosby
89%
Marshall Erikson
86%
Victoria
76%
Ranjit
75%
Stella Zinman
75%
James Stinson
68%
„Scooter“
68%
“Blah Blah“
65%
Nora
65%
Sandy Rivers
65%
Patrice
61%
Tracy McConnell
61%
Zoey Pierson
60%
Quinn Garvey
56%
Mickey Aldrin
54%
Punchy
53%
Nate „Scooby“ Scooberman
52%
Carl MacLaren
49%
Billy Zabka
48%
Arthur Hobbs
43%
Don Frank
35%
Keine übereinstimmenden Quizze gefunden
Verteilung der Resultate
Anzahl Personen mit jedem Resultat
Perzentil nach korrekt beantworteten Fragen
Ihre Resultats-Entwicklung
Sie haben dieses Quiz noch nicht gespielt